000 00921nam a2200265Ia 4500
003 OSt
005 20220930074821.0
006 a|||||r|||| 00| 0
007 ta
008 220926b |||||||| |||| 00| 0 eng d
024 _a75684
037 _cTheses
040 _aCRL
_cCRL
_beng
041 _2eng
_aeng
100 _aSarbhai Karamvir Prasad
_9534820
110 _aUniversity of Delhi. Faculty of Science. Department of Chemistry
_9519399
245 0 _aStudy of some arylation processes and intronolecular cyclisations
_b A contribution to the study of the Meerwein's Diazoreaction and allied reactions
260 _c1965
300 _a229p.
_ap.
_ccm.
650 _aCHEMISTRY
700 _a Dr. K B L Mathur Gu.
_9534821
700 _aUniversity of Delhi. Faculty of Science. Department of Chemistry
_9519402
942 _cDIS
_2CC
999 _c867133
_d867133